[Event "Olbia CIG U16 24th"]
[Site "Olbia"]
[Date "2016.06.28"]
[Round "4"]
[White "Beltrame, Leonardo"]
[Black "Marzocchi, Tommaso"]
[Result "0-1"]
[WhiteElo "1925"]
[BlackElo "2044"]
[PlyCount "56"]
[EventDate "2016.06.26"]
[EventType "swiss"]
[EventRounds "9"]
[EventCountry "ITA"]
[SourceTitle "EXT 2024"]
[Source "ChessBase"]
[SourceDate "2023.10.10"]
[SourceVersion "1"]
[SourceVersionDate "2023.10.10"]
[SourceQuality "1"]

1. e4 c5 2. Nf3 Nc6 3. d4 cxd4 4. Nxd4 Nf6 5. Nc3 e5 6. Ndb5 d6 7. Bg5 a6 8. Na3 b5 9. Nd5 Be7 10. Bxf6 Bxf6 11. Nxf6+ Qxf6 12. c3 0-0 13. Be2 Bb7 14. Bf3 Rad8 15. Nc2 Ne7 16. Ne3 Qg6 17. Qb1 Qg5 18. 0-0 f5 19. a4 fxe4 20. Bxe4 d5 21. Bxh7+ Kh8 22. h4 Qxh4 23. Nf5 Nxf5 24. Bxf5 Rd6 25. Bh3 e4 26. Qe1 Rg6 27. Kh2 Bc8 28. f3 Qf4+ 0-1

[Event "Mestre Cipressina op-A 4th"]
[Site "Mestre"]
[Date "2015.11.28"]
[Round "2"]
[White "Artuso, Sofia"]
[Black "Beltrame, Leonardo"]
[Result "0-1"]
[WhiteElo "1738"]
[BlackElo "1862"]
[PlyCount "66"]
[EventDate "2015.11.27"]
[EventType "swiss"]
[EventRounds "5"]
[EventCountry "ITA"]
[SourceTitle "EXT 2022"]
[Source "ChessBase"]
[SourceDate "2021.10.06"]
[SourceVersion "1"]
[SourceVersionDate "2021.10.06"]
[SourceQuality "1"]

1. d4 e6 2. c4 d5 3. Nc3 c6 4. Bf4 f5 5. Nf3 Nf6 6. e3 Be7 7. Bd3 0-0 8. 0-0 Ne4 9. Bxe4 dxe4 10. Ne5 Nd7 11. f3 g5 12. Bg3 f4 13. Nxd7 Bxd7 14. Bf2 exf3 15. Qxf3 Qa5 16. Qh3 Rad8 17. Qh5 Qb4 18. exf4 Qxb2 19. Ne4 gxf4 20. Ng5 Qc2 21. Bh4 Qg6 22. Qxg6+ hxg6 23. Nxe6 Bxh4 24. Nxd8 Bxd8 25. Rab1 b6 26. Rbe1 g5 27. g3 Bh3 28. Rf3 Bg4 29. Rf2 Bf6 30. Kg2 Bxd4 31. Rc2 f3+ 32. Kh1 f2 33. Rf1 Bf3# 0-1

[Event "Mestre Cipressina op-A 4th"]
[Site "Mestre"]
[Date "2015.11.28"]
[Round "1"]
[White "Beltrame, Leonardo"]
[Black "Omeri, Silvan"]
[Result "0-1"]
[WhiteElo "1862"]
[BlackElo "2185"]
[PlyCount "142"]
[EventDate "2015.11.27"]
[EventType "swiss"]
[EventRounds "5"]
[EventCountry "ITA"]
[SourceTitle "EXT 2022"]
[Source "ChessBase"]
[SourceDate "2021.10.06"]
[SourceVersion "1"]
[SourceVersionDate "2021.10.06"]
[SourceQuality "1"]

1. e4 Nf6 2. e5 Nd5 3. c4 Nb6 4. d4 d6 5. exd6 cxd6 6. Nf3 g6 7. Be3 Bg7 8. Qc1 0-0 9. Bh6 Bg4 10. Bxg7 Kxg7 11. Nbd2 Nc6 12. Qc3 d5 13. Rc1 Na4 14. Qb3 Bxf3 15. Nxf3 Qa5+ 16. Kd1 Rad8 17. c5 a6 18. a3 e5 19. Qc2 e4 20. b4 Nxb4 21. axb4 Qxb4 22. Qd2 Qb3+ 23. Qc2 Qxc2+ 24. Kxc2 exf3 25. Ra1 b5 26. cxb6 Nxb6 27. Rxa6 fxg2 28. Bxg2 Nc4 29. Rc6 Nd6 30. Kd3 Nf5 31. Rc5 Ra8 32. Bxd5 Ra3+ 33. Rc3 Ra4 34. Rc4 Rxc4 35. Bxc4 Ra8 36. Rb1 Ra3+ 37. Rb3 Ra4 38. Kc3 h5 39. Rb4 Rxb4 40. Kxb4 Nxd4 41. Bd5 f5 42. Kc4 Ne2 43. Bf3 Nf4 44. Kd4 Kf6 45. Ke3 Ke5 46. h4 Nh3 47. Bg2 Nf4 48. Bf3 Ne6 49. Bd1 f4+ 50. Kf3 Nd4+ 51. Kg2 Ke4 52. Ba4 Nf5 53. Bc2+ Ke5 54. Kh3 Kf6 55. Bd1 Nd4 56. Kg2 Kf5 57. Kh3 Nc6 58. Bc2+ Kf6 59. Bd1 Ne5 60. Be2 Kf5 61. Kg2 Ke4 62. Bd1 Kd3 63. Ba4 Ke2 64. Bb5+ Ke1 65. Be8 Ke2 66. Bb5+ Kd2 67. Be8 Kc3 68. Bb5 Kd4 69. Be8 Ke4 70. Ba4 Kf5 71. Bc2+ Kg4 0-1

[Event "Basso Veronese op 6th"]
[Site "Casaleone"]
[Date "2013.05.19"]
[Round "4"]
[White "Beltrame, Leonardo"]
[Black "Rondelli, Roberto"]
[Result "1/2-1/2"]
[WhiteElo "1577"]
[BlackElo "1729"]
[PlyCount "63"]
[EventDate "2013.05.17"]
[EventType "swiss"]
[EventRounds "5"]
[EventCountry "ITA"]
[SourceTitle "EXT 2014"]
[Source "ChessBase"]
[SourceDate "2013.11.20"]
[SourceVersion "1"]
[SourceVersionDate "2013.11.20"]
[SourceQuality "1"]

1. e4 e6 2. d4 d5 3. Nd2 Ne7 4. Ngf3 b6 5. c3 Qd7 6. Bd3 Ng6 7. 0-0 Be7 8. exd5 exd5 9. Re1 0-0 10. Ne5 Nxe5 11. Rxe5 g6 12. Nf3 Bf6 13. Re2 Nc6 14. Bb5 a6 15. Bxc6 Qxc6 16. Ne5 Bxe5 17. Rxe5 Bd7 18. Qe2 Rfe8 19. Bh6 Re6 20. Rxe6 Qxe6 21. Qxe6 Bxe6 22. Re1 Re8 23. Kf1 f6 24. Bf4 c6 25. f3 Kf7 26. Bd6 Bd7 27. Rxe8 Bxe8 28. Bc7 b5 29. Ke2 Ke6 30. Bf4 Kf5 31. Be3 h5 32. h3 1/2-1/2

[Event "Basso Veronese op 6th"]
[Site "Casaleone"]
[Date "2013.05.19"]
[Round "5"]
[White "De Paoli, Emilio"]
[Black "Beltrame, Leonardo"]
[Result "1-0"]
[WhiteElo "1849"]
[BlackElo "1577"]
[PlyCount "95"]
[EventDate "2013.05.17"]
[EventType "swiss"]
[EventRounds "5"]
[EventCountry "ITA"]
[SourceTitle "EXT 2014"]
[Source "ChessBase"]
[SourceDate "2013.11.20"]
[SourceVersion "1"]
[SourceVersionDate "2013.11.20"]
[SourceQuality "1"]

1. Nf3 Nf6 2. g3 g6 3. b3 Bg7 4. Bb2 0-0 5. c4 d6 6. Nc3 e5 7. Qc2 Nbd7 8. 0-0-0 Ng4 9. Rg1 Nxf2 10. Re1 Ng4 11. h3 Ngf6 12. g4 Nc5 13. d3 a5 14. e3 Bh8 15. d4 exd4 16. exd4 Ne6 17. h4 Ng7 18. g5 Nfh5 19. Nd5 Be6 20. Bh3 Bxd5 21. cxd5 Nf4 22. Bg4 Nxd5 23. Nh2 Re8 24. Ref1 Ne3 25. Qf2 Nxf1 26. Rxf1 Qe7 27. Bf3 Qe3+ 28. Qxe3 Rxe3 29. Ng4 Re7 30. Nf6+ Kf8 31. Nxh7+ Ke8 32. Bxb7 Rb8 33. Bc6+ Kd8 34. d5 Kc8 35. Bc3 Re3 36. Kd2 Re7 37. Kd3 Rb6 38. Nf6 Nf5 39. Bxa5 Ra6 40. b4 Bxf6 41. gxf6 Re3+ 42. Kc4 Ra3 43. Kb5 Ra7 44. h5 gxh5 45. Rxf5 Rxa2 46. Rxh5 R7xa5+ 47. bxa5 Rb2+ 48. Ka6 1-0

[Event "Mogliano Veneto op-C 34th"]
[Site "Mogliano Veneto"]
[Date "2013.04.28"]
[Round "5"]
[White "Beltrame, Leonardo"]
[Black "Piazzetta, Mattia"]
[Result "1-0"]
[WhiteElo "1552"]
[BlackElo "1389"]
[PlyCount "59"]
[EventDate "2013.04.25"]
[EventType "swiss"]
[EventRounds "6"]
[EventCountry "ITA"]
[SourceTitle "EXT 2024"]
[Source "ChessBase"]
[SourceDate "2023.10.10"]
[SourceVersion "1"]
[SourceVersionDate "2023.10.10"]
[SourceQuality "1"]

1. e4 c5 2. Nf3 Nc6 3. d4 cxd4 4. Nxd4 g6 5. Nc3 Bg7 6. Be3 d6 7. Bc4 Nf6 8. f3 0-0 9. Qd2 Bd7 10. 0-0-0 a6 11. g4 b5 12. Bb3 Nxd4 13. Bxd4 Be6 14. h4 Bxb3 15. axb3 Qc7 16. h5 e5 17. Be3 Ne8 18. Nd5 Qd8 19. Qh2 g5 20. Bb6 Qd7 21. h6 Bh8 22. Qd2 f6 23. Be3 Qd8 24. Rh5 Rb8 25. Nc3 Ra8 26. Bxg5 fxg5 27. Rxg5+ Kf7 28. Qd5+ Kf6 29. Rf5+ Kg6 30. Rxf8 1-0

[Event "Mogliano Veneto op-C 34th"]
[Site "Mogliano Veneto"]
[Date "2013.04.25"]
[Round "2"]
[White "Rocelli, Bruno"]
[Black "Beltrame, Leonardo"]
[Result "0-1"]
[WhiteElo "1422"]
[BlackElo "1552"]
[PlyCount "100"]
[EventDate "2013.04.25"]
[EventType "swiss"]
[EventRounds "6"]
[EventCountry "ITA"]
[SourceTitle "EXT 2024"]
[Source "ChessBase"]
[SourceDate "2023.10.10"]
[SourceVersion "1"]
[SourceVersionDate "2023.10.10"]
[SourceQuality "1"]

1. e4 e6 2. Nf3 d5 3. exd5 exd5 4. h3 Nf6 5. d4 Be7 6. Nc3 0-0 7. Bd3 Nc6 8. Bf4 a6 9. 0-0 Re8 10. Re1 Nb4 11. a3 Nxd3 12. Qxd3 Be6 13. Re2 h6 14. Rae1 Bd6 15. Be5 c6 16. Bxf6 Qxf6 17. Ne5 Qf5 18. Re3 Qxd3 19. Nxd3 Kf8 20. Na4 Bf5 21. Nb6 Rxe3 22. Rxe3 Re8 23. Ne5 Bxe5 24. Rxe5 Rxe5 25. dxe5 Ke7 26. c3 Ke6 27. f4 Bc2 28. Kf2 f6 29. exf6 gxf6 30. Ke3 c5 31. Na8 Kd6 32. Nb6 Bb3 33. Kd3 Kc7 34. Na8+ Kc6 35. g4 Bd1 36. c4 dxc4+ 37. Kxc4 b5+ 38. Kd3 Kb7 39. Ke4 h5 40. gxh5 Bxh5 41. Kf5 b4 42. axb4 cxb4 43. Kxf6 a5 44. Kg7 a4 45. f5 a3 46. bxa3 bxa3 47. f6 a2 48. f7 Bxf7 49. Kxf7 a1Q 50. h4 Qh8 0-1

[Event "Cavarzere op 15th"]
[Site "Cavarzere"]
[Date "2012.10.27"]
[Round "4"]
[White "Ferrari, Carlino"]
[Black "Beltrame, Leonardo"]
[Result "0-1"]
[WhiteElo "1720"]
[BlackElo "1575"]
[PlyCount "106"]
[EventDate "2012.10.20"]
[EventType "swiss"]
[EventRounds "6"]
[EventCountry "ITA"]
[SourceTitle "EXT 2015"]
[Source "ChessBase"]
[SourceDate "2014.11.20"]
[SourceVersion "1"]
[SourceVersionDate "2014.11.20"]
[SourceQuality "1"]

1. Nf3 Nf6 2. c4 g6 3. Nc3 Bg7 4. d4 d6 5. e4 0-0 6. Be2 Nbd7 7. 0-0 e5 8. dxe5 Nxe5 9. Nxe5 dxe5 10. Be3 Be6 11. Qc2 Qe7 12. b3 c6 13. Rfd1 b6 14. Rd2 Rad8 15. Rad1 Ng4 16. Bxg4 Bxg4 17. f3 Be6 18. Ne2 f5 19. c5 b5 20. Rd6 Rxd6 21. cxd6 Qb7 22. Qc5 a6 23. Bg5 Bd7 24. Be7 Rb8 25. Nc1 Kf7 26. Nd3 Qb6 27. Qxb6 Rxb6 28. Bd8 Rb8 29. Bc7 Ra8 30. Nc5 Ke8 31. a4 Bh6 32. Rd3 Ra7 33. h3 Bf8 34. Kf2 Rxc7 35. dxc7 Bxc5+ 36. Ke2 Bb6 37. exf5 gxf5 38. Rd6 Bxc7 39. Rh6 bxa4 40. bxa4 a5 41. Rxh7 c5 42. Kd3 Bd6 43. Kc4 Bxa4 44. Kd5 Bf8 45. Kc4 e4 46. fxe4 fxe4 47. Ra7 e3 48. Kd3 c4+ 49. Ke2 Bb4 50. Ra6 c3 51. Ra8+ Kd7 52. Kxe3 c2 53. Ra7+ Kc6 0-1

[Event "Cavarzere op 15th"]
[Site "Cavarzere"]
[Date "2012.10.21"]
[Round "3"]
[White "Beltrame, Leonardo"]
[Black "Desideri, Pietro"]
[Result "0-1"]
[WhiteElo "1575"]
[BlackElo "1688"]
[PlyCount "114"]
[EventDate "2012.10.20"]
[EventType "swiss"]
[EventRounds "6"]
[EventCountry "ITA"]
[SourceTitle "EXT 2015"]
[Source "ChessBase"]
[SourceDate "2014.11.20"]
[SourceVersion "1"]
[SourceVersionDate "2014.11.20"]
[SourceQuality "1"]

1. e4 c5 2. Nf3 d6 3. d4 cxd4 4. Nxd4 Nf6 5. Nc3 g6 6. Be2 Bg7 7. Be3 a6 8. 0-0 Nbd7 9. Nb3 b5 10. a3 Bb7 11. Bd3 Rc8 12. Qe2 0-0 13. f4 Rxc3 14. bxc3 Nxe4 15. Bxe4 Bxe4 16. Bd4 Bxd4+ 17. cxd4 d5 18. a4 Qc7 19. axb5 axb5 20. Ra2 b4 21. g3 e6 22. Nd2 Nf6 23. Nxe4 Nxe4 24. Rb2 Qc3 25. Rb3 Qxd4+ 26. Qe3 Qd2 27. Qd3 Ra8 28. Rb2 Qc3 29. Qxc3 bxc3 30. Rb7 Ra2 31. Rc1 Ra4 32. Rd1 Ra2 33. Rc1 h6 34. Kf1 Kg7 35. Ke1 g5 36. Kd1 Ra4 37. Ke2 Rd4 38. Rd1 Rd2+ 39. Rxd2 cxd2 40. Kd1 Kg6 41. fxg5 hxg5 42. Rb3 g4 43. Re3 Kf5 44. Ra3 Nd6 45. Rc3 f6 46. Rc6 Nc4 47. Ra6 e5 48. c3 e4 49. Ke2 e3 50. Ra1 Ke4 51. Rf1 Nb2 52. Rf4+ Ke5 53. Rd4 f5 54. Rxd2 exd2 55. Kxd2 Ke4 56. Kc2 Nc4 57. Kb3 Kf3 0-1

[Event "Noale Szabados Memorial-B 5th"]
[Site "Noale"]
[Date "2012.02.05"]
[Round "4"]
[White "Beltrame, Leonardo"]
[Black "Dal Bianco, Nicola"]
[Result "0-1"]
[WhiteElo "1428"]
[BlackElo "1660"]
[PlyCount "70"]
[EventDate "2012.02.03"]
[EventType "swiss"]
[EventRounds "5"]
[EventCountry "ITA"]
[SourceTitle "EXT 2022"]
[Source "ChessBase"]
[SourceDate "2021.10.06"]
[SourceVersion "1"]
[SourceVersionDate "2021.10.06"]
[SourceQuality "1"]

1. e4 c5 2. Nf3 Nc6 3. d4 cxd4 4. Nxd4 e6 5. Be3 Nf6 6. Nc3 Bb4 7. Bd3 d5 8. Nxc6 bxc6 9. exd5 exd5 10. Bd2 0-0 11. 0-0 Ng4 12. h3 Nf6 13. Ne2 Bc5 14. Be3 Bxe3 15. fxe3 Qb6 16. Qc1 Re8 17. Rf3 c5 18. b3 Bb7 19. Rf2 c4 20. bxc4 dxc4 21. Bxc4 Qxe3 22. Qxe3 Rxe3 23. Rb1 Re7 24. Nd4 Bd5 25. Bxd5 Nxd5 26. Nf5 Rc7 27. Rb3 g6 28. Ne3 Nc3 29. a3 f5 30. Rd2 Ne4 31. Re2 Rd8 32. Rd3 Rxd3 33. cxd3 Ng3 34. Rd2 f4 35. Nd5 Rc1+ 0-1

[Event "Noale Szabados Memorial-B 5th"]
[Site "Noale"]
[Date "2012.02.05"]
[Round "5"]
[White "Kove, Sotir"]
[Black "Beltrame, Leonardo"]
[Result "1-0"]
[WhiteElo "1533"]
[BlackElo "1428"]
[PlyCount "127"]
[EventDate "2012.02.03"]
[EventType "swiss"]
[EventRounds "5"]
[EventCountry "ITA"]
[SourceTitle "EXT 2022"]
[Source "ChessBase"]
[SourceDate "2021.10.06"]
[SourceVersion "1"]
[SourceVersionDate "2021.10.06"]
[SourceQuality "1"]

1. e4 c5 2. d4 cxd4 3. Qxd4 Nc6 4. Qd1 Nf6 5. Nc3 e6 6. a3 Be7 7. Bd3 0-0 8. f4 d5 9. e5 Nd7 10. Nf3 Nc5 11. Be2 b6 12. 0-0 Bb7 13. b4 Nd7 14. Be3 Rc8 15. Nb5 a6 16. Nbd4 Qc7 17. Rc1 Nxd4 18. Nxd4 Qc3 19. Qd3 Qxd3 20. cxd3 Rfe8 21. Nb3 f6 22. d4 Rxc1 23. Rxc1 Rc8 24. Rxc8+ Bxc8 25. Kf2 Kf7 26. Bd3 f5 27. h3 h5 28. Be2 g6 29. g3 Bd8 30. g4 Bh4+ 31. Kg2 fxg4 32. hxg4 hxg4 33. Bxg4 Nf8 34. Bf2 Bd8 35. Be2 Bb7 36. a4 Kg7 37. a5 b5 38. Nc5 Bc8 39. Bg4 Be7 40. Kh3 Kh7 41. Bh4 Bxh4 42. Kxh4 Kh6 43. Bh3 Kg7 44. Kg5 Nh7+ 45. Kh4 Nf8 46. Nd3 Bd7 47. Nb2 Bc8 48. Nd1 Nh7 49. Ne3 Bd7 50. Nxd5 exd5 51. Bxd7 Nf8 52. Bc8 Kf7 53. Kg5 Nh7+ 54. Kh6 Nf8 55. Kg5 Nh7+ 56. Kg4 Nf8 57. f5 gxf5+ 58. Kxf5 Ke7 59. Bxa6 Ne6 60. Bb7 Nxd4+ 61. Kf4 Ne6+ 62. Ke3 Nc7 63. Kd4 Ke6 64. a6 1-0

[Event "Noale Szabados Memorial-B 5th"]
[Site "Noale"]
[Date "2012.02.04"]
[Round "2"]
[White "Beltrame, Leonardo"]
[Black "Daccico, Gianni"]
[Result "0-1"]
[WhiteElo "1428"]
[BlackElo "1650"]
[PlyCount "60"]
[EventDate "2012.02.03"]
[EventType "swiss"]
[EventRounds "5"]
[EventCountry "ITA"]
[SourceTitle "EXT 2022"]
[Source "ChessBase"]
[SourceDate "2021.10.06"]
[SourceVersion "1"]
[SourceVersionDate "2021.10.06"]
[SourceQuality "1"]

1. e4 e5 2. Nf3 Nc6 3. d4 exd4 4. Nxd4 Bc5 5. Be3 Qf6 6. c3 Nge7 7. Be2 0-0 8. 0-0 d6 9. Nxc6 Nxc6 10. Bxc5 dxc5 11. Qd5 Re8 12. Bb5 Re5 13. Qd3 Bg4 14. Qg3 Qg6 15. Bxc6 Rg5 16. f3 Bd7 17. Qxc7 Rxg2+ 18. Kh1 Bxc6 19. Rd1 h6 20. Nd2 Re8 21. Nc4 Rxe4 22. Ne5 Rxe5 23. Qxe5 Rxb2 24. Qg3 Qxg3 25. hxg3 Bxf3+ 26. Kg1 Bxd1 27. Rxd1 Rxa2 28. Rd8+ Kh7 29. Rc8 b6 30. Rc7 Rc2 0-1

[Event "Mogliano Veneto op-C 32nd"]
[Site "Mogliano Veneto"]
[Date "2011.05.01"]
[Round "4"]
[White "Beltrame, Leonardo"]
[Black "Baldizzi, Riccardo"]
[Result "1-0"]
[WhiteElo "1404"]
[BlackElo "1461"]
[PlyCount "53"]
[EventDate "2011.04.29"]
[EventType "swiss"]
[EventRounds "5"]
[EventCountry "ITA"]
[SourceTitle "EXT 2024"]
[Source "ChessBase"]
[SourceDate "2023.10.10"]
[SourceVersion "1"]
[SourceVersionDate "2023.10.10"]
[SourceQuality "1"]

1. e4 c5 2. Nf3 d6 3. d4 cxd4 4. Nxd4 Nf6 5. Bb5+ Bd7 6. Bxd7+ Qxd7 7. Nc3 a6 8. 0-0 e5 9. Nf3 Nc6 10. Nd5 Nxd5 11. Qxd5 Be7 12. Ng5 0-0 13. f4 Nd4 14. fxe5 Ne2+ 15. Kh1 Nxc1 16. Rxf7 Kh8 17. Rxf8+ Rxf8 18. Nf7+ Rxf7 19. Qxf7 dxe5 20. Rxc1 h6 21. Rf1 Qd6 22. h3 b5 23. Qd5 Qc7 24. c3 Kh7 25. Rf7 Qc4 26. Qxc4 bxc4 27. Rxe7 1-0